Southville International School and Colleges
Your cart is empty.
  • Cart
  • Lists
    Public lists Eva Luna New books Lux_list list_1
    Your lists Log in to create your own lists
  • Log in to your account
  • Your cookies
  • Search history
Southville International School and Colleges
  • Advanced search
  • Recent comments
  • Most popular
  • Libraries

Log in to your account

Log in with GOOGLE


If you do not have an external account, but do have a local account, you can still log in:

  1. Home
  2. MARC view: Hitler Youth :
Normal view MARC view ISBD view

Hitler Youth : (Record no. 362354)

[ view plain ]
MARC details
000 -LEADER
fixed length control field 00585nam a2200145Ia 4500
008 - FIXED-LENGTH DATA ELEMENTS--GENERAL INFORMATION
fixed length control field 191108s9999 xx 000 0 und d
020 ## - INTERNATIONAL STANDARD BOOK NUMBER
International Standard Book Number 9.7804398627e+012
100 ## - MAIN ENTRY--PERSONAL NAME
Personal name Bartoletti, Susan C.
245 ## - TITLE STATEMENT
Statement of responsibility, etc Susan Campbell Bartoletti.--
Title Hitler Youth :
Remainder of title growing up in Hitler's shadow /
260 ## - PUBLICATION, DISTRIBUTION, ETC. (IMPRINT)
Place of publication, distribution, etc New York :
Name of publisher, distributor, etc Scholastic Nonfiction
Date of publication, distribution, etc 2005
300 ## - PHYSICAL DESCRIPTION
Extent 176 pages :
Other physical details black & white illustrations
500 ## - GENERAL NOTE
General note Includes bibliography, acknowledgements and index.
650 ## - SUBJECT ADDED ENTRY--TOPICAL TERM
Topical term or geographic name as entry element Hitler-Jugend -- Juvenile literature.
650 ## - SUBJECT ADDED ENTRY--TOPICAL TERM
Topical term or geographic name as entry element National socialism and youth -- Juvenile literature.

No items available.

Hitler Youth :

APA

Bartoletti S. C., . (2005). Hitler Youth. New York: Scholastic Nonfiction.

Chicago

Bartoletti Susan C, . 2005. Hitler Youth. New York: Scholastic Nonfiction.

Harvard

Bartoletti S. C., . (2005). Hitler Youth. New York: Scholastic Nonfiction.

MLA

Bartoletti Susan C, . Hitler Youth. New York: Scholastic Nonfiction. 2005.

  • Print
  • Cite
  • Add to your cart (remove)
  • Save record
    BIBTEX Dublin Core MARCXML MARC (non-Unicode/MARC-8) MARC (Unicode/UTF-8) MARC (Unicode/UTF-8, Standard) MODS (XML) RIS
  • More searches
    Search for this title in:
    Other Libraries (WorldCat) Other Databases (Google Scholar) Online Stores (Bookfinder.com) Open Library (openlibrary.org)

Exporting to Dublin Core...

SOUTHVILLE LIBRARY

Southville International School and Colleges Library

1281 Tropical Ave. Cor. Luxembourg St., BF Homes International, Las Pinas City

Tel. No. 8256374 / 252358 Loc. 117/146

Powered by Koha